MARC

LEADER 00000nam0a2200000 4500
001 279944
005 20231101235246.0
035 |a (RuTPU)RU\TPU\book\303249 
090 |a 279944 
100 |a 20141224d1986 k y0rusy50 ca 
101 0 |a rus 
102 |a UZ 
105 |a a z 001zy 
200 1 |a Алгоритмизация построения математических моделей непрерывных технологических процессов  |f Г. Ш. Закиров, Р. Х. Аюпов 
210 |a Ташкент  |c Фан  |d 1986 
215 |a 104 с.  |c ил. 
320 |a Библиогр.: с. 97-104 
606 1 |a Химико-технологические процессы  |x Автоматическое управление  |2 stltpush  |3 (RuTPU)RU\TPU\subj\31016  |9 53996 
610 1 |a математические модели 
610 1 |a непрерывные технологические процессы 
610 1 |a алгоритмизация 
610 1 |a автоматизированные системы 
610 1 |a идентификация 
610 1 |a статика 
610 1 |a экстракция 
610 1 |a динамические модели 
675 |a 66.012-52  |v 3 
700 1 |a Закиров  |b Г. Ш.  |g Гулям Шакирович 
701 1 |a Аюпов  |b Р. Х.  |g Равшан Хамдамович 
801 1 |a RU  |b 63413507  |c 20141224 
801 2 |a RU  |b 63413507  |c 20160531  |g RCR 
942 |c BK